000 00872nam a22002177a 4500
003 DO-SdBNP
005 20180510142407.0
008 171123b mxu||||| |||| 00| 0 spa d
040 _aBPMSU
_bspa
_cBMPSU
100 _aSpencer, Milton H.
240 _aManagerial economics : decision making and forward planning
245 _aEconomía de la administración de empresas:
_badopción de decisiones y planeación /
_cMilton H. Spencer, Louis Siegelman , traducción de Clementina Z. de Eguihua
246 _aIncluye índice
260 _aMéxico, D.F.:
_bUnión Tipográfica Editorial Hispano Americana,
_c1963
500 _aIncluye referencias bibliográficas y notas al pie de las paginas
700 1 _aEguihua, Clementina Z. de
_etrad.
700 1 _aSiegelman, Louis
700 1 _aEguihua, Clementina Z. de
942 _2ddc
_cBK
945 _aInventariado, 2017/MFF
999 _c13035
_d13035